01228nam a2200289Ia 450000500170000000800410001702000150005808200180007310000170009124500810010825000190018930000420020850000600025060001050031060000820041565000420049765000370053970000410057694200120061726400360062933600270066533700330069233800280072504000350075399900150078895201350080320220317000807.0160601s2004 ag a e 000 0 spa  a950754123304a927.59 bV24s1 aSola, Emilio10aVelázquez para niños ctexto Emilio Sola ; ilustraciones Marina García a1a. edición  a18 páginas bilustraciones c22 cm  aNota en carátula: íCon juegos visuales y pegatinas!14aVelásquez, Diego Rodríguez de Silvad1559-1660vLiteratura juvenilxTrabajos pictóricos95445914aVelásquez, Diego Rodríguez de Silvad1559-1660vLiteratura juvenil954460142LEMBaPintura española ySiglo XVII142LEMBaArte españolySiglo XVII1 aGarcía, Marinaeilustrador 954463 2ddccBK aBuenos Aires bContinentec2004 atextobtxt2rdacontent asin mediaciónbn2rdamedia avolumenbnc2rdacarrier aCO-BoRNBPbspaerdacCO-BoRNBP c5073d5073 00102ddc40708INFaMEMAPIRIbMEMAPIRIcSInfd2024-01-26l0o927.59 V24spMAP00003927r2024-01-26 15:42:56tEj.1w2024-01-26yBK